| 000 | 00603nam a22001937a 4500 | ||
|---|---|---|---|
| 005 | 20241001124213.0 | ||
| 010 | _aENG-141847 | ||
| 020 |
_a9789393757210 _c200.00 |
||
| 035 | _aEN-125379 | ||
| 037 | _bDBAD | ||
| 082 |
_aS _21 |
||
| 100 |
_aSharma, Anand _972254 |
||
| 245 |
_aThe Game of Deception/ _cBy Anand Sharma |
||
| 250 | _a1 | ||
| 260 |
_bVishwakarma Publications _c2022 _aMaharashtra |
||
| 270 |
_a34A/1, Suyog Center, 7th floor, Gultekedi Marketyard Road, Giridhar Bhavan Chowk, _e411037 _bPune _minfo@vpindia.co.in _k9168682200 |
||
| 300 |
_a144p. _c22cm (pb) |
||
| 942 |
_2ddc _cEN _hS _mSHA |
||
| 999 |
_c206045 _d206045 |
||